Concepts In Strategic Management And Business Policy (Record no. 114662)

MARC details
000 -LEADER
fixed length control field 00413pam a2200157 a 4500
020 ## - INTERNATIONAL STANDARD BOOK NUMBER
Terms of availability
041 ## - LANGUAGE CODE
Language code of original
082 ## - DEWEY DECIMAL CLASSIFICATION NUMBER
Classification number 658.29999999999995
Item number WHE
100 ## - MAIN ENTRY--PERSONAL NAME
Personal name Wheelen,T.L.
245 ## - TITLE STATEMENT
Title Concepts In Strategic Management And Business Policy
Medium Textual Documents
250 ## - EDITION STATEMENT
Edition statement 9th ed
260 ## - PUBLICATION, DISTRIBUTION, ETC.
Place of publication, distribution, etc. New Delhi
Name of publisher, distributor, etc. Pearson Education [Addison Wesley]
Date of publication, distribution, etc. 2010
300 ## - PHYSICAL DESCRIPTION
Extent XXIV/334
700 ## - ADDED ENTRY--PERSONAL NAME
Personal name Hunger, D.J
930 ## - EQUIVALENCE OR CROSS-REFERENCE-UNIFORM TITLE HEADING [LOCAL, CANADA]
Uniform title 7835
Holdings
Withdrawn status Lost status Damaged status Not for loan Collection Home library Current library Shelving location Date acquired Source of acquisition Cost, normal purchase price Total Checkouts Full call number Barcode Date last seen Copy number Price effective from Koha item type Source of classification or shelving scheme Date last checked out
          Abhijit Kadam Institute of Management & Social Science, Solapur Abhijit Kadam Institute of Management & Social Science, Solapur   10/06/2010 Bharati Madhyavarti Sahakari Grahakbhandar Limited 350.00   658.29999999999995 WHE AKS-C-03162 01/03/2023 2 01/03/2023 Book    
          Abhijit Kadam Institute of Management & Social Science, Solapur Abhijit Kadam Institute of Management & Social Science, Solapur   10/06/2010 Bharati Madhyavarti Sahakari Grahakbhandar Limited 350.00 3 658.29999999999995 WHE AKS-C-03161 21/11/2025 1 01/03/2023 Book Dewey Decimal Classification 15/11/2025